Learning Resource and Development

True believer / (Record no. 28798)

MARC details
000 -LEADER
fixed length control field 01627nam a2200313 i 4500
003 - CONTROL NUMBER IDENTIFIER
control field CSPC
005 - DATE AND TIME OF LATEST TRANSACTION
control field 20250210150622.0
008 - FIXED-LENGTH DATA ELEMENTS--GENERAL INFORMATION
fixed length control field 250207s2005 nyu 000 0 eng d
020 ## - INTERNATIONAL STANDARD BOOK NUMBER
International Standard Book Number 9780446618151
040 ## - CATALOGING SOURCE
Transcribing agency CSPC
Original cataloging agency CSPC
Language of cataloging eng
Description conventions rda
050 04 - LIBRARY OF CONGRESS CALL NUMBER
Classification number PS3569.P363
Item number T78 2005
100 1# - MAIN ENTRY--PERSONAL NAME
Personal name Sparks, Nicholas,
Relator term author.
245 10 - TITLE STATEMENT
Title True believer /
Statement of responsibility, etc. Nicholas Sparks.
264 #1 - PRODUCTION, PUBLICATION, DISTRIBUTION, MANUFACTURE, AND COPYRIGHT NOTICE
Place of production, publication, distribution, manufacture New York :
Name of producer, publisher, distributor, manufacturer Grand Central Publishing,
Date of production, publication, distribution, manufacture, or copyright notice 2005.
300 ## - PHYSICAL DESCRIPTION
Extent 465 pages :
Dimensions 17 cm.
336 ## - CONTENT TYPE
Content type term text
Source rdacontent
337 ## - MEDIA TYPE
Media type term unmediated
Source rdamedia
338 ## - CARRIER TYPE
Carrier type term volume
Source rdacarrier
520 ## - SUMMARY, ETC.
Summary, etc. As a science journalist with a regular column in Scientific American, Jeremy Marsh specializes in debunking the supernatural and has a real nose for the strange and unusual. A born skeptic, he travels to the small town of Boone Creek, North Carolina, determined to find the real cause behind the ghostly apparitions that appear in the town cemetery. What he doesn't plan on, however, is meeting and falling hopelessly in love with Lexie Darnell, granddaughter of the town psychic. Now, if the young lovers are to have any kind of future at all, Jeremy must make a difficult choice: return to the life he knows, or do something he could never do before-take a giant leap of faith.
650 #4 - SUBJECT ADDED ENTRY--TOPICAL TERM
Topical term or geographic name entry element Science writers
General subdivision Fiction.
650 #4 - SUBJECT ADDED ENTRY--TOPICAL TERM
Topical term or geographic name entry element Apparitions
General subdivision Fiction.
650 #4 - SUBJECT ADDED ENTRY--TOPICAL TERM
Topical term or geographic name entry element Cemeteries
Form subdivision Fiction.
651 ## - SUBJECT ADDED ENTRY--GEOGRAPHIC NAME
Geographic name North Carolina
General subdivision Fiction.
655 ## - INDEX TERM--GENRE/FORM
Genre/form data or focus term Ghost stories.
655 ## - INDEX TERM--GENRE/FORM
Genre/form data or focus term Romance fiction.
655 ## - INDEX TERM--GENRE/FORM
Genre/form data or focus term Science fiction.
942 ## - ADDED ENTRY ELEMENTS (KOHA)
Source of classification or shelving scheme Dewey Decimal Classification
Suppress in OPAC No
Koha item type Books
Call number prefix FIC
Call number suffix 2005
Holdings
Withdrawn status Lost status Source of classification or shelving scheme Damaged status Not for loan Home library Current library Shelving location Date acquired Total Checkouts Full call number Barcode Date last seen Date last checked out Copy number Price effective from Koha item type
    Dewey Decimal Classification     Main Library Main Library Fiction Section 02/10/2025 2 FIC Sp263t 2005 028925 03/04/2026 02/20/2026 1-1 02/10/2025 Books